Buenos Aires panorama / (Record no. 531535)
[ view plain ]
| 000 -LEADER | |
|---|---|
| fixed length control field | 01132cam a2200313 a 4500 |
| 001 - CONTROL NUMBER | |
| control field | 11774518 |
| 003 - CONTROL NUMBER IDENTIFIER | |
| control field | NUST |
| 005 - DATE AND TIME OF LATEST TRANSACTION | |
| control field | 20191018104758.0 |
| 008 - FIXED-LENGTH DATA ELEMENTS--GENERAL INFORMATION | |
| fixed length control field | 990809s1998 ag ab 000 0 spa |
| 010 ## - LIBRARY OF CONGRESS CONTROL NUMBER | |
| LC control number | 99235341 |
| 020 ## - INTERNATIONAL STANDARD BOOK NUMBER | |
| International Standard Book Number | 9509140368 |
| 035 ## - SYSTEM CONTROL NUMBER | |
| System control number | (DLC) 99235341 |
| 035 ## - SYSTEM CONTROL NUMBER | |
| System control number | (AgBaFGC)gc 960775940000 |
| 038 ## - RECORD CONTENT LICENSOR | |
| Staff Name | waseem |
| 040 ## - CATALOGING SOURCE | |
| Original cataloging agency | DLC |
| Transcribing agency | DLC |
| Modifying agency | DLC |
| 043 ## - GEOGRAPHIC AREA CODE | |
| Geographic area code | s-ag--- |
| 050 00 - LIBRARY OF CONGRESS CALL NUMBER | |
| Classification number | F3001.1 |
| Item number | .S47 1998 |
| 082 00 - DEWEY DECIMAL CLASSIFICATION NUMBER | |
| Classification number | 779.998211 |
| Author Mark | SES |
| 100 1# - MAIN ENTRY--PERSONAL NAME | |
| Personal name | Sessa, Aldo, |
| Dates associated with a name | 1939- |
| 9 (RLIN) | 24141 |
| 245 10 - TITLE STATEMENT | |
| Title | Buenos Aires panorama / |
| Statement of responsibility, etc. | diseño de Carolina Sessa ; texto de José María Peña ; fotografías de Aldo Sessa. |
| 260 ## - PUBLICATION, DISTRIBUTION, ETC. | |
| Place of publication, distribution, etc. | Buenos Aires : |
| Name of publisher, distributor, etc. | Sessa Editores, |
| Date of publication, distribution, etc. | c1998. |
| 300 ## - PHYSICAL DESCRIPTION | |
| Extent | 108 p. : |
| Other physical details | chiefly col. ill., 1 col. map ; |
| Dimensions | 20 x 26 cm. |
| 651 #0 - SUBJECT ADDED ENTRY--GEOGRAPHIC NAME | |
| Geographic name | Buenos Aires (Argentina) |
| Form subdivision | Pictorial works. |
| 9 (RLIN) | 24358 |
| 651 #0 - SUBJECT ADDED ENTRY--GEOGRAPHIC NAME | |
| Geographic name | Buenos Aires (Argentina) |
| General subdivision | Description and travel. |
| 9 (RLIN) | 24359 |
| 700 1# - ADDED ENTRY--PERSONAL NAME | |
| Personal name | Peña, José María. |
| 9 (RLIN) | 24360 |
| 906 ## - LOCAL DATA ELEMENT F, LDF (RLIN) | |
| a | 7 |
| b | cbc |
| c | orignew |
| d | 3 |
| e | ncip |
| f | 19 |
| g | y-gencatlg |
| 942 ## - ADDED ENTRY ELEMENTS (KOHA) | |
| Source of classification or shelving scheme | |
| Koha item type | Book |
| Withdrawn status | Lost status | Source of classification or shelving scheme | Damaged status | Not for loan | Permanent Location | Current Location | Date acquired | Source of acquisition | Full call number | Barcode | Date last seen | Price effective from | Koha item type |
|---|---|---|---|---|---|---|---|---|---|---|---|---|---|
| Central Library (CL) | Central Library (CL) | 10/18/2019 | Donation | 779.998211 SES | CL-D-716 | 10/18/2019 | 10/18/2019 | Reference |
